000 00388nam a2200145 i 4500
001 bg
245 0 0 _aĆwiczenia laboratoryjne z fizyki w politechnice :
_bpraca zbiorowa /
_cpod red. T. Rewaja.
260 _aWarszawa,
_c1974.
700 1 _aRewaj, Tadeusz.
_eRed.
040 _cBPK
041 _apol
080 _a53(075.8)(076)
942 _cKS
008 s pl f |000 0 pol
999 _c7687
_d7687
856 _uhttp://koha.tu.koszalin.pl/cgi-bin/koha/opac-detail.pl?biblionumber=7687
_yKatalog online BPK